Límites a la libre circulación y residencia de los ciudadanos de la UE : Mención Especial XVIII Premio Andaluz de Investigación sobre Integración Europea /

Đã lưu trong:
Chi tiết về thư mục
Tác giả chính: Cruz Luna, Ángela (autor.)
Định dạng: eBook
Ngôn ngữ:Tiếng Tây Ban Nha
Được phát hành: Madrid : Editorial Reus, 2024.
Loạt:Colección Derecho internacional y relaciones internacionales.
Những chủ đề:
Truy cập trực tuyến:https://elibro.unach.elogim.com/es/lc/unach/titulos/284496
Các nhãn: Thêm thẻ
Không có thẻ, Là người đầu tiên thẻ bản ghi này!

MARC

LEADER 00000nam a2200000 i 4500
001 ELB284496
003 FINmELB
005 202508221242.0
006 m o u
007 cr cn|||||||||
008 250822s2024 sp ob 000 0 spa d
020 |z 9788429028768 
035 |a (OCoLC)1534154498 
040 |a FINmELB  |b spa  |e rda  |c FINmELB 
050 1 4 |a KJE5124  |b C957 2024 
080 |a 342.737(4-672 UE) 
082 0 4 |a 342.408  |2 23 
100 1 |a Cruz Luna, Ángela,  |e autor. 
245 1 0 |a Límites a la libre circulación y residencia de los ciudadanos de la UE :  |b Mención Especial XVIII Premio Andaluz de Investigación sobre Integración Europea /  |c Ángela Cruz Luna. 
264 1 |a Madrid :  |b Editorial Reus,  |c 2024. 
300 |a 1 recurso en línea (176 páginas) 
336 |a texto  |b txt  |2 rdamedia/spa 
337 |a computadora  |b c  |2 rdamedia/spa 
338 |a recurso en línea  |b cr  |2 rdacarrier/spa 
490 1 |a Colección Derecho internacional y relaciones internacionales 
504 |a Contiene bibliografía. 
588 |a Descripción basada en metadatos suministrados por el editor y otras fuentes. 
590 |a Recurso electrónico. Santa Fe, Arg.: elibro, 2024. Disponible vía World Wide Web. El acceso puede estar limitado para las bibliotecas afiliadas a elibro. 
650 4 |a Domicilio  |z Países de la Unión Europea. 
650 4 |a Libre circulación de personas  |z Países de la Unión Europea. 
655 4 |a Libros electrónicos. 
797 2 |a elibro, Corp. 
830 0 |a Colección Derecho internacional y relaciones internacionales. 
856 4 0 |u https://elibro.unach.elogim.com/es/lc/unach/titulos/284496